000
00251nam a22001097a 4500
041
_a
ENG
245
_a
Terminology For Integrated Resoures Planning And Management
260
_a
Rome
_b
FAO
_c
1999
300
_a
69
650
_a
FAO
856
_u
FAO ( 01 )
999
_c
2347
_d
2347